000 00830cam a22002411 4500
001 sa 68006729
003 DLC
005 20260227112518.0
008 710915s1967 pk ac 00000 eng
010 _asa 68006729 //r86
025 _aPL480:EP-E-446
043 _aa-pk---
050 0 _aDS486.D155
_bH32
082 _a915.49
100 1 0 _aHaider, Azimusshan.
245 1 0 _aDacca: history and romance in place names;
_ban analytical account of the nomenclature of roads and localities in Dacca, with a discussion of the rationale for their retention or otherwise.
260 0 _aDacca,
_bDacca Municipality
_c[1967]
300 _a60 p.
_billus., ports.
_c25 cm.
350 _aRs8
490 0 _aA Dacca Municipality publication
650 0 _aNames, Geographical
_zBangladesh
_zDhaka.
651 0 _aDhaka (Bangladesh)
_xHistory.
999 _c81483
_d81483